Doctrina democrática /

Guardado en:
Autor Principal: Moreno, Mariano
Formato: Libro
Publicado: Buenos Aires : La Facultad, 1915
Materias:
Etiquetas: Agregar Etiqueta
Sin Etiquetas, Sea el primero en etiquetar este registro!
LEADER 00501nam a22001815a 4500
001 CEM.cems004532
005 20060216000000.0
008 130507s1915##################000#0#####d
003 CEMS
082 0 4 |a 320 
100 1 |a Moreno, Mariano 
245 1 0 |a Doctrina democrática / 
260 |a Buenos Aires :  |b La Facultad,  |c 1915 
300 |a 301 p. 
653 |a Historia argentina 
653 |a Moreno mariano-biograf. 
653 |a Politica argentina 
859 |a CEMS  |b BIB. CEMS - 11 de abril  |h 320  |i M815  |p 10809.81  |t Ej.1